Основное противоречие, определившее механизмы и направленность глобальной эволюции; Вестник Российской академии наук; Т. 85, № 7
| Parent link: | Вестник Российской академии наук: ежемесячный научный журнал.— , 1931- Т. 85, № 7.— 2015.— [С. 632] |
|---|---|
| Egile nagusia: | |
| Erakunde egilea: | |
| Gaia: | Заглавие с экрана Каков основной механизм развития Земли? Этим широко обсуждаемым в науке вопросом задаётся автор публикуемой статьи и утверждает, что механизмом, запустившим процесс эволюции на нашей планете, является взаимодействие в рамках внутренне противоречивой системы водабазальты. Именно абиогенная эволюция подготовила почву для возникновения и эволюции жизни. Режим доступа: по договору с организацией-держателем ресурса |
| Hizkuntza: | errusiera |
| Argitaratua: |
2015
|
| Gaiak: | |
| Sarrera elektronikoa: | http://elibrary.ru/item.asp?id=23663214 |
| Formatua: | Baliabide elektronikoa Liburu kapitulua |
| KOHA link: | https://koha.lib.tpu.ru/cgi-bin/koha/opac-detail.pl?biblionumber=644392 |
MARC
| LEADER | 00000nla0a2200000 4500 | ||
|---|---|---|---|
| 001 | 644392 | ||
| 005 | 20250312114308.0 | ||
| 035 | |a (RuTPU)RU\TPU\network\9472 | ||
| 035 | |a RU\TPU\network\8772 | ||
| 090 | |a 644392 | ||
| 100 | |a 20151116d2015 k||y0rusy50 ca | ||
| 101 | 0 | |a rus | |
| 102 | |a RU | ||
| 135 | |a drcn ---uucaa | ||
| 181 | 0 | |a i | |
| 182 | 0 | |a b | |
| 200 | 1 | |a Основное противоречие, определившее механизмы и направленность глобальной эволюции |f С. Л. Шварцев | |
| 203 | |a Текст |c электронный | ||
| 300 | |a Заглавие с экрана | ||
| 320 | |a [Библиогр.: 29 назв.] | ||
| 330 | |a Каков основной механизм развития Земли? Этим широко обсуждаемым в науке вопросом задаётся автор публикуемой статьи и утверждает, что механизмом, запустившим процесс эволюции на нашей планете, является взаимодействие в рамках внутренне противоречивой системы водабазальты. Именно абиогенная эволюция подготовила почву для возникновения и эволюции жизни. | ||
| 333 | |a Режим доступа: по договору с организацией-держателем ресурса | ||
| 461 | |t Вестник Российской академии наук |o ежемесячный научный журнал |d 1931- | ||
| 463 | |t Т. 85, № 7 |v [С. 632] |d 2015 | ||
| 610 | 1 | |a электронный ресурс | |
| 610 | 1 | |a труды учёных ТПУ | |
| 610 | 1 | |a эволюция | |
| 610 | 1 | |a базальты | |
| 610 | 1 | |a вода | |
| 610 | 1 | |a абиогенные элементы | |
| 700 | 1 | |a Шварцев |b С. Л. |c российский гидрогеолог, доктор геолого-минералогических наук |c профессор Томского политехнического университета, академик РАЕН |f 1936- |g Степан Львович |3 (RuTPU)RU\TPU\pers\25914 | |
| 712 | 0 | 2 | |a Национальный исследовательский Томский политехнический университет (ТПУ) |b Институт природных ресурсов (ИПР) |b Кафедра гидрогеологии, инженерной геологии и гидрогеоэкологии (ГИГЭ) |3 (RuTPU)RU\TPU\col\18664 |
| 801 | 2 | |a RU |b 63413507 |c 20151116 |g RCR | |
| 856 | 4 | 0 | |u http://elibrary.ru/item.asp?id=23663214 |
| 942 | |c CF | ||